Central Library OPAC University of Rajshahi

Selected topics in inorganic chemistry / (Record no. 262)

MARC details
000 -LEADER
fixed length control field 00911nam a22002777a 4500
001 - CONTROL NUMBER
control field 262
003 - CONTROL NUMBER IDENTIFIER
rucl marc code BD-RjUL
005 - DATE AND TIME OF LATEST TRANSACTION
control field 20211208233138.0
008 - FIXED-LENGTH DATA ELEMENTS--GENERAL INFORMATION
fixed length control field 131117r20021976ii d |||| 001 0 eng d
020 ## - INTERNATIONAL STANDARD BOOK NUMBER
International Standard Book Number 8121906008
035 ## - SYSTEM CONTROL NUMBER
System control number (BD-RjUL)279
040 ## - CATALOGING SOURCE
Original cataloging agency BD-RjUL
Language of cataloging eng
Transcribing agency BD-RjUL
041 ## - LANGUAGE CODE
Language code of text/sound track or separate title eng
082 04 - DEWEY DECIMAL CLASSIFICATION NUMBER
Edition number 21
Classification number 546
Author mark and year MAS 2002
100 1# - MAIN ENTRY--PERSONAL NAME
Personal name Malik, Wahid U.
9 (RLIN) 860
245 10 - TITLE STATEMENT
Title Selected topics in inorganic chemistry /
Statement of responsibility, etc. Wahid U. Malik.; G D Tuli; R D Madan
260 ## - PUBLICATION, DISTRIBUTION, ETC. (IMPRINT)
Place of publication, distribution, etc. New Delhi :
Name of publisher, distributor, etc. S. Chand & Co.,
Date of publication, distribution, etc. c1976 [Reprinted 2002].
300 ## - PHYSICAL DESCRIPTION
Pagination xxxiii, 789 p. :
Illustrations ill. ;
Size 22 cm.
500 ## - GENERAL NOTE
General note Includes index.
526 ## - STUDY PROGRAM INFORMATION NOTE
Requested Dept. Chemistry.
650 07 - SUBJECT ADDED ENTRY--TOPICAL TERM
Source of heading or term SLSH
Topical term or geographic name as entry element Chemistry, Inorganic.
9 (RLIN) 425
700 ## - ADDED ENTRY--PERSONAL NAME
Personal name tuli ,g.d
Personal name madan, r.d
856 ## - ELECTRONIC LOCATION AND ACCESS
Materials specified Worldcat Details
Uniform Resource Identifier <a href="http://www.worldcat.org/title/selected-topics-in-inorganic-chemistry/oclc/818809215&referer=brief_results">http://www.worldcat.org/title/selected-topics-in-inorganic-chemistry/oclc/818809215&referer=brief_results</a>
942 ## - ADDED ENTRY ELEMENTS (KOHA)
Source of classification or shelving scheme Dewey Decimal Classification
Koha item type Books
Holdings
Lost status Source of classification or shelving scheme Damaged status Not for loan Collection code Permanent Location Current Location Shelving location Date acquired Source of acquisition Cost, normal purchase price Total Checkouts Full call number Date last seen Date checked out Copy number Koha item type
  Dewey Decimal Classification     Non-fiction Central Library, University of Rajshahi Central Library, University of Rajshahi   30/10/2002 Paragon Ent. 140.00 7 546 MAS 2002 09/10/2024 26/09/2024 C-3 Books
  Dewey Decimal Classification     Non-fiction Central Library, University of Rajshahi Central Library, University of Rajshahi   30/10/2002 Paragon , Dhaka 789.00 5 546 MAS 2002 11/08/2025 06/08/2025 C-5 Books
  Dewey Decimal Classification   Not For Loan Non-fiction Central Library, University of Rajshahi Central Library, University of Rajshahi Reading Room   Dhaka, Paragon Enterprises ltd. 140.00   546 MAS 2002 17/05/2015   C-1 Books
  Dewey Decimal Classification     Non-fiction Central Library, University of Rajshahi Central Library, University of Rajshahi   30/10/2002 Paragon Enterprises ltd. 140.00 6 546 MAS 2002 09/04/2025 09/04/2025 C-2 Books
  Dewey Decimal Classification     Non-fiction Central Library, University of Rajshahi Central Library, University of Rajshahi   30/10/2002 Paragogn Enterprise, Dhaka 140.00 5 546 MAS 2002 22/10/2024 08/10/2024 C-4 Books